书目信息 |
| 题名: |
创新型国家建设与中国高等教育改革
|
|
| 作者: | 刘宝存, 主编 | |
| 分册: | ||
| 出版信息: | 北京 高等教育出版社 2009.12 |
|
| 页数: | 403页 | |
| 开本: | 25cm | |
| 丛书名: | 高等教育热点问题研究丛书 | |
| 单 册: | ||
| 中图分类: | G649.21 | |
| 科图分类: | ||
| 主题词: | 高等教育--教育改革--研究--中国 | |
| 电子资源: | ||
| ISBN: | 978-7-04-025437-2 | |
| 000 | 01006nam2 2200277 450 | |
| 001 | 004503913 | |
| 005 | 20100805145134.64 | |
| 010 | @a978-7-04-025437-2@dCNY60.00 | |
| 090 | @aG649.21@blbc | |
| 100 | @a20100515d2009 em y0chiy50 ea | |
| 101 | 0 | @achi |
| 102 | @aCN@b110000 | |
| 105 | @ay a 000yy | |
| 200 | 1 | @a创新型国家建设与中国高等教育改革@Achuang xin xing guo jia jian she yu zhong guo gao deng jiao yu gai ge@f刘宝存主编 |
| 210 | @a北京@c高等教育出版社@d2009.12 | |
| 215 | @a403页@d25cm | |
| 225 | 2 | @a高等教育热点问题研究丛书 |
| 300 | @a中华人民共和国教育部高等教育司高等教育专题研究项目 | |
| 320 | @a有书目 (第389-403页) | |
| 330 | @a本书基于创新型国家建设对我国高等教育提出的挑战,将创新型国家建设的国际视野与本土行动相结合,探讨了我国高等教育改革与发展战略。 | |
| 410 | 0 | @12001 @a高等教育热点问题研究丛书 |
| 606 | 0 | @a高等教育@x教育改革@x研究@y中国 |
| 690 | @aG649.21@v4 | |
| 701 | 0 | @a刘宝存,@Aliu bao cun,@f1964-@4主编 |
| 801 | 0 | @c20100515 |
| 905 | @dG649.21@eL580@f5 | |
| 创新型国家建设与中国高等教育改革/刘宝存主编.-北京:高等教育出版社,2009.12 |
| 403页;25cm.-(高等教育热点问题研究丛书) |
| 中华人民共和国教育部高等教育司高等教育专题研究项目 |
| ISBN 978-7-04-025437-2:CNY60.00 |
| 本书基于创新型国家建设对我国高等教育提出的挑战,将创新型国家建设的国际视野与本土行动相结合,探讨了我国高等教育改革与发展战略。 |
| ● |
| 相关链接 |
|
|
|
正题名:创新型国家建设与中国高等教育改革
索取号:G649.21/L580
 
预约/预借
| 序号 | 登录号 | 条形码 | 馆藏地/架位号 | 状态 | 备注 |
| 1 | 997171 | 209971716 | 社科库409/309社科库 32排1列5层/ [索取号:G649.21/L580] | 在馆 | |
| 2 | 997172 | 209971725 | 社科库409/422社科库 53排2列1层/ [索取号:G649.21/L580] | 在馆 | |
| 3 | 997173 | 209971734 | 社科库409/309社科库 32排1列5层/ [索取号:G649.21/L580] | 在馆 | |
| 4 | 997174 | 209971743 | 社科库409/409社科库 15排1列2层/ [索取号:G649.21/L580] | 在馆 | |
| 5 | 997175 | 209971752 | 社科库409/409社科库 15排1列2层/ [索取号:G649.21/L580] | 在馆 |